Autism : (Record no. 356363)
[ view plain ]
| 000 -LEADER | |
|---|---|
| fixed length control field | 00397nam a2200145Ia 4500 |
| 003 - CONTROL NUMBER IDENTIFIER | |
| control field | 0 |
| 005 - DATE AND TIME OF LATEST TRANSACTION | |
| control field | 20260121163217.0 |
| 008 - FIXED-LENGTH DATA ELEMENTS--GENERAL INFORMATION | |
| fixed length control field | 180323s9999 xx 000 0 und d |
| 020 ## - INTERNATIONAL STANDARD BOOK NUMBER | |
| International Standard Book Number | 13623613 |
| 100 ## - MAIN ENTRY--PERSONAL NAME | |
| Personal name | Howlin, Patricia |
| 245 ## - TITLE STATEMENT | |
| Statement of responsibility, etc | Jordan, Rita |
| Title | Autism : |
| Remainder of title | The international journal of research and practice |
| 260 ## - PUBLICATION, DISTRIBUTION, ETC. (IMPRINT) | |
| Place of publication, distribution, etc | USA : |
| Name of publisher, distributor, etc | Sage Publication |
| Date of publication, distribution, etc | 1997 |
| 300 ## - PHYSICAL DESCRIPTION | |
| Extent | 97 pages |
| 942 ## - ADDED ENTRY ELEMENTS (KOHA) | |
| Source of classification or shelving scheme | Library of Congress Classification |
| Koha item type | Books |
| Withdrawn status | Lost status | Damaged status | Home library | Current library | Shelving location | Date acquired | Source of acquisition | Total Checkouts | Full call number | Barcode | Date last seen | Price effective from | Koha item type |
|---|---|---|---|---|---|---|---|---|---|---|---|---|---|
| College Library | College Library | General Circulation Section | 03/23/2018 | RC 553.A88 .H865 1997 | C21465 | 03/23/2018 | 03/23/2018 | Books |